[Event "ROM-ch U08"]
[Site "Calimanesti"]
[Date "2013.04.02"]
[Round "1"]
[White "Birtalan, Tamas"]
[Black "Balaban Voia, Alexandru"]
[Result "0-1"]
[WhiteElo "1082"]
[BlackElo "1249"]
[PlyCount "122"]
[EventDate "2013.04.02"]
[EventType "swiss"]
[EventRounds "9"]
[EventCountry "ROU"]
[SourceTitle "CBM 153 Extra"]
[Source "ChessBase"]
[SourceDate "2013.04.22"]
[SourceVersion "1"]
[SourceVersionDate "2013.04.22"]
[SourceQuality "1"]

1. e4 d6 2. Nf3 Nf6 3. Nc3 g6 4. Bb5+ Bd7 5. Bxd7+ Nbxd7 6. 0-0 Bg7 7. d3 0-0 8. Be3 Ng4 9. Qe2 Nxe3 10. Qxe3 Bxc3 11. bxc3 f6 12. Qd4 Nb6 13. h3 d5 14. exd5 Qxd5 15. Qxd5+ Nxd5 16. c4 Nb4 17. Rfc1 Rfd8 18. a3 Nc6 19. Rab1 Rab8 20. Rb2 b6 21. Re1 Kf7 22. Kf1 Nd4 23. Nxd4 Rxd4 24. Re3 c5 25. Ke2 e5 26. a4 Rc8 27. Ra2 Rd6 28. a5 Rc7 29. Kd2 Ke6 30. f4 Rf7 31. fxe5 fxe5 32. g4 h5 33. gxh5 gxh5 34. axb6 axb6 35. Ra1 Rf2+ 36. Kc3 Rf7 37. Rae1 Rf5 38. Rg1 Kf6 39. Kd2 Re6 40. Ke2 Rg5 41. Rxg5 Kxg5 42. Kf3 Kf5 43. Kg3 Kg5 44. c3 Kf5 45. Kh4 Rh6 46. Rf3+ Kg6 47. Rg3+ Kf5 48. Rg5+ Kf4 49. Rxh5 Rg6 50. Rh7 Rd6 51. Rg7 Rxd3 52. Rg4+ Kf5 53. Rg3 e4 54. Rg1 e3 55. Re1 Ke4 56. Kh5 Kf3 57. h4 Kf2 58. Rxe3 Kxe3 59. Kg4 Rxc3 60. h5 Ra3 61. h6 Kd4 0-1